000 00580nam a2200193 i 4500
001 122303
003 ES-MaACL
005 20250825063334.0
007 t|
008 070523q19001905fr ||||1| fre d
100 1 _aSabatier, Paul,
_d1858-1928
_9101187
245 1 0 _aVie de S. François d'Assise /
_cpar Paul Sabatier.
250 _a34e éd.
260 _aParis :
_bLibrairie Fischbacher,
_c[190-?]
300 _aCXXVI, 418 p. ;
_c22 cm.
600 1 4 _aFrancisco de Asís
_cSanto-
_xBiografías.
_952190
852 _aES-MaACL
_jF-3467(1)
999 _c122303
_d122303